Estados Unidos y América Latina: estado actual de las relaciones /
Salvato in:
| Autore principale: | |
|---|---|
| Natura: | testo |
| Soggetti: | |
| Tags: |
Aggiungi Tag
Nessun Tag, puoi essere il primo ad aggiungerne!!
|
MARC
| LEADER | 00000 a a2200000 04500 | ||
|---|---|---|---|
| 001 | 10835 | ||
| 003 | |||
| 040 | |||
| 100 | |a Roett, Riordan | ||
| 245 | |a Estados Unidos y América Latina: estado actual de las relaciones / |c Riordan Roett | ||
| 650 | |a RELACIONES INTERNACIONALES | ||
| 650 | |a COMERCIO | ||
| 650 | |a MIGRACION | ||
| 650 | |a ESTADOS UNIDOS | ||
| 650 | |a AMERICA LATINA | ||
| 773 | |g número 206; páginas 110-125 | ||
| 999 | |c 21532 |d 21532 | ||
